| 000 | 00894nam a2200301 i 4500 | ||
|---|---|---|---|
| 001 | 000017194 | ||
| 003 | DO-SdBNP | ||
| 005 | 20251117080502.0 | ||
| 007 | ta | ||
| 008 | 100319s1974 dr 000 0 spa d | ||
| 040 |
_aDO-SdBNP _bspa _cBNPHU _erda |
||
| 041 | _aspa | ||
| 082 |
_axxx _bR788f _222 |
||
| 100 | 1 |
_aRosa, Jesús de la _eautor _919724 |
|
| 245 | 1 | 0 |
_aFundamentos de los exámenes objetivos / _cJesús de la Rosa. |
| 264 |
_aSanto Domingo : _bUASD, _c1974. |
||
| 300 |
_a16 páginas ; _c21 cm. |
||
| 336 |
_ardacontent _btexto _2txt |
||
| 337 |
_ardamedia _bsin mediación _2n |
||
| 338 |
_ardacarrier _bvolumen _2nc |
||
| 490 | 1 |
_aConferencia _v178 |
|
| 504 | _aIncluye bibliografías [página 16] | ||
| 590 | _aInventariado, 2025/DG | ||
| 710 | 1 |
_aUniversidad Autónoma de Santo Domingo _972951 |
|
| 830 | 0 |
_aConferencia _n25 _v178 _937839 |
|
| 910 | _aDG | ||
| 942 |
_2ddc _cLF2 |
||
| 999 |
_c16720 _d16720 |
||